Proizvodstvennaja moščnost' i ekonomika predprijatija
Uložené v:
| Hlavný autor: | |
|---|---|
| Ďalší autori: | |
| Médium: | Kniha |
| Jazyk: | Russian |
| Vydavateľské údaje: |
Moskva
Ekonomika
1990
|
| Vydanie: | 1. izd. |
| Edícia: | Ekonomistam promyšlennych predprijatij
|
| Tagy: |
Žiadne tagy, Buďte prvý, kto otaguje tento záznam!
|
MARC
| LEADER | 00000nam a2200000 4500 | ||
|---|---|---|---|
| 001 | c028639 | ||
| 005 | 20250523115523.9 | ||
| 041 | 0 | |a rus | |
| 044 | |a RU | ||
| 245 | 1 | 0 | |a Proizvodstvennaja moščnost' i ekonomika predprijatija |c Iosif Michajlovič Petrovič, Roman Petrovič Tamančuk |
| 250 | |a 1. izd. | ||
| 264 | 1 | |a Moskva |b Ekonomika |c 1990 | |
| 300 | |a 108 s. | ||
| 490 | 1 | |a Ekonomistam promyšlennych predprijatij | |
| 830 | 0 | |a Ekonomistam promyšlennych predprijatij | |
| 100 | 1 | |a Petrovič, Iosif Michajlovič | |
| 700 | 1 | |a Tamančuk, Roman Petrovič | |